Metóda merania cirkulačnej rýchlosti v airlift reaktoroch

Podrobná bibliografia
Hlavní autori: Klein, Jaroslav (Autor), Annus, Július (Autor), Dolgoš, Ondrej (Autor), Godó, Štefan (Autor), Pollák, Štefan (Autor)
Médium: Článok
Jazyk:angličtina
ISBN:8022712167

MARC

LEADER 00000naa a2200000uu 4500
001 vtls010934588
003 SK-MaSNL
005 20260302143016.0
008 210824|1999 xo |||||||||||||||||eng|
015 |a SNBRA 
035 |a (urnnbn)urn:nbn:sk:snk:ar-a0b6o2 
035 |a (uuid)369bcbc8-933a-44f9-b85f-1054145f383d 
035 |a urn:nbn:sk:snk-aatz28 
040 |a SNKBUCL  |b slo  |c SNKBUCL  |e AACR2 
041 0 |a eng 
044 |a xo  |c SK 
100 1 |a Klein, Jaroslav  |4 aut  |9 56980 
245 1 0 |a Metóda merania cirkulačnej rýchlosti v airlift reaktoroch  |c Jaroslav Klein, Július Annus, Ondrej Dolgoš, Štefan Godó, Štefan Pollák 
246 3 |a A method for measuring the liquid circulation velocity in airlift reactors 
700 1 |a Annus, Július  |4 aut  |9 77527 
700 1 |a Dolgoš, Ondrej  |4 aut  |9 832661 
700 1 |a Godó, Štefan  |4 aut  |9 832662 
700 1 |a Pollák, Štefan  |4 aut  |9 8789 
773 0 |t Proceedings  |d Bratislava] : Slovak University of Technology, 1999  |g S. 129  |z 8022712167 
958 |a OND 
958 |a article11 
958 |a chapter 
999 |c 1342002  |d 1343932